| 000 | 00454nam a2200181Ia 4500 | ||
|---|---|---|---|
| 001 | 62450 | ||
| 008 | 141119s9999 xx 000 0 und d | ||
| 020 | _a9781849712637 | ||
| 040 | _cPK-LaUMT | ||
| 082 |
_a 658.4083 _bSEL-S |
||
| 100 | _aSelman, Paul | ||
| 245 |
_aSustainable landscape planning _cSelman, Paul |
||
| 260 |
_aLondon,UK: _bRoutledge, _c2012 |
||
| 300 | _a162 p. | ||
| 546 | _aEN | ||
| 650 | _aEcological landscape design | ||
| 942 | _cBK | ||
| 999 |
_c62880 _d62880 |
||